• 首页
  • 本馆介绍
  • 公告通知
  • 最新文献
  • 馆藏检索
  • 电子资源
  • 读者导购
  • 参考咨询
  • 我的图书馆
  • 登录
  • 详细信息显示
  • 放入我的书架
  • 预约/预借图书
  • 作者相关作品
  • 分类相关作品
  • 丛书相关作品
  • 出版社相关作品

书目信息

  • 表格格式
  • 工作单格式
  • 卡片格式
题名:
飞碟奇观全纪录
    
 
作者: 布鲁克史密斯 著 ;纪俊超 译
分册:  
出版信息: 珠海   珠海出版社  2002
页数: 333页
开本: 20cm
丛书名:
单 册:
中图分类: V11-49
科图分类:
主题词: 飞碟--普及读物
电子资源:
ISBN: 7-80607-848-7
000 00864nam0 2200229 45
001 012002047216
005 20050408094433.6
010    @a7-80607-848-7@dCNY22.00
100    @a20020611d2002 em y0chiy0110 ea
101 1  @achi@ceng
102    @aCN@b440000
105    @aa z 000yy
200 1  @a飞碟奇观全纪录@Afei die qi guan quan ji lu@f(美)彼得·布鲁克史密斯著@F(Mei)Bi De·Bu Lu Ke Shi Mi Si Zhu@g纪俊超译
210    @a珠海@c珠海出版社@d2002
215    @a333页@c图@d20cm
330    @a本书收入迄今为止人类在世界各地目击、接触飞碟的所有主要事件,对每一事件按照类型、地点、日期、背景、事件、评述,做了全景式纪录。最后对国外飞碟研究者与飞碟有关的专业术语,做了必要的介绍。
606 0  @a飞碟@x普及读物
690    @aV11-49@v4
701  0 @a布鲁克史密斯@4著
702  0 @a纪俊超@Aji jun chao@4译
801  0 @aCN@bNLC@c20020612
905    @f5@b347832-836@dV11-49@e17
    
    飞碟奇观全纪录/(美)彼得·布鲁克史密斯著/纪俊超译.-珠海:珠海出版社,2002
    333页:图;20cm
    
    
    ISBN 7-80607-848-7:CNY22.00
    本书收入迄今为止人类在世界各地目击、接触飞碟的所有主要事件,对每一事件按照类型、地点、日期、背景、事件、评述,做了全景式纪录。最后对国外飞碟研究者与飞碟有关的专业术语,做了必要的介绍。
●
相关链接 在E读中查询图书 在五车中查询图书 在当当中查询图书 在豆瓣中查询图书


正题名:飞碟奇观全纪录     索取号:V11-49/17         预约/预借

序号 登录号 条形码 馆藏地/架位号 状态 备注
1 0347832   203478325   第二样本阅览室/ [索取号:V11-49/17] 在馆    
2 0347833   203478334   第三借阅区/ [索取号:V11-49/17] 在馆    
3 0347834   203478343   第三借阅区/ [索取号:V11-49/17] 在馆    
4 0347835   203478352   第三借阅区/ [索取号:V11-49/17] 在馆    
5 0347836   203478361   第三借阅区/ [索取号:V11-49/17] 在馆    
唐山师范学院图书馆 欢迎您!
大连网信软件有限公司© 版权所有